000
00284nam a2200109Ia 4500
008
200302s9999 xx 000 0 und d
100
_a
A. E. Bye
245
_a
Art in to Landscape Landscape in to art 2nd ed.
260
_b
P D A Publishers Corporation
260
_c
1988
300
_a
185 P.,
999
_c
744
_d
744